[Event "OLNN 1718 SK Marmstorf - Lübecker SV"]
[Site "?"]
[Date "2018.03.18"]
[Round "8.2"]
[White "Hawellek, Jeronimo"]
[Black "Janz, Frerik"]
[Result "1/2-1/2"]
[WhiteElo "2291"]
[BlackElo "2312"]
[PlyCount "81"]
[EventDate "2018.??.??"]

1. d4 Nf6 2. c4 g6 3. Nc3 d5 4. Nf3 Bg7 5. Qa4+ Bd7 6. Qb3 dxc4 7. Qxc4 O-O 8.
Bf4 c6 9. e4 b5 10. Qd3 Be6 11. Be2 Bc4 12. Qd2 Bxe2 13. Qxe2 b4 14. Na4 Qa5
15. b3 Qb5 16. Nd2 Nfd7 17. e5 Na6 18. Rc1 Rac8 19. Qc4 Nb6 20. Nxb6 axb6 21.
O-O Nc7 22. Ne4 Nd5 23. Bd2 f6 24. exf6 Bxf6 25. Nxf6+ exf6 26. Rfe1 Kf7 27. h4
h5 28. Re4 Rfe8 29. f3 Ra8 30. Rc2 Qxc4 31. bxc4 Nc3 32. Bxc3 bxc3 33. Rxe8
Kxe8 34. Kf2 Ra4 35. Rxc3 Rxa2+ 36. Ke3 Kd7 37. g3 Rg2 38. Kf4 Rd2 39. Ke3 Rg2
40. Kf4 Rd2 41. Ke3 1/2-1/2

[Event "OLNN 1718 SK Marmstorf - Lübecker SV"]
[Site "?"]
[Date "2018.03.18"]
[Round "8.3"]
[White "Riess, Alexander"]
[Black "Ramme, Christoph"]
[Result "1/2-1/2"]
[WhiteElo "2306"]
[BlackElo "2152"]
[PlyCount "77"]
[EventDate "2018.??.??"]

1. d4 Nf6 2. c4 e6 3. Nc3 Bb4 4. Qc2 O-O 5. a3 Bxc3+ 6. Qxc3 d5 7. Bg5 dxc4 8.
Qxc4 b6 9. Nf3 Ba6 10. Qc2 Nbd7 11. Ne5 c5 12. Rd1 Qc8 13. Nxd7 Nxd7 14. dxc5
bxc5 15. e4 Bxf1 16. Kxf1 f6 17. Bf4 Nb6 18. Be3 c4 19. g3 Qc6 20. Kg2 Rfd8 21.
Rc1 Rac8 22. Rhd1 Rxd1 23. Rxd1 Qa4 24. Qxa4 Nxa4 25. Rd2 Rb8 26. Rc2 Rb7 27.
Rxc4 Nxb2 28. Rc6 e5 29. Ra6 Nc4 30. Bxa7 Nd2 31. a4 Nxe4 32. Be3 Nc3 33. a5
Nd5 34. Bc5 Rb5 35. Bd6 Kf7 36. Ra7+ Ke6 37. Bf8 g6 38. a6 Ra5 39. Rxh7 {(=)}
1/2-1/2

[Event "OLNN 1718 SK Marmstorf - Lübecker SV"]
[Site "?"]
[Date "2018.03.18"]
[Round "8.4"]
[White "Mueller, Jan Hendrik"]
[Black "Christ, Ralf"]
[Result "0-1"]
[WhiteElo "2120"]
[BlackElo "2271"]
[PlyCount "102"]
[EventDate "2018.??.??"]

1. c4 Nf6 2. g3 g6 3. Bg2 d5 4. cxd5 Nxd5 5. Nc3 Nb6 6. d3 Bg7 7. Be3 N8d7 8.
Qd2 Nf6 9. Bh6 O-O 10. h4 c6 11. h5 Bxh6 12. Qxh6 Ng4 13. Qd2 Qd4 14. Nh3 Rd8
15. Rd1 Qe5 16. Bf3 Bf5 17. hxg6 hxg6 18. Qg5 Qf6 19. e4 Ne5 20. Qxf6 Nxf3+ 21.
Ke2 exf6 22. Kxf3 Bxh3 23. Rxh3 Kf8 24. d4 Ke7 25. b3 a5 26. a3 a4 27. b4 Nc4
28. d5 Nxa3 29. Ra1 Nb5 30. Nxb5 cxb5 31. Rhh1 Rdc8 32. Rac1 Rc4 33. Rxc4 bxc4
34. b5 Kd6 35. Ke3 Kc5 36. b6 a3 37. d6 Kxd6 38. Kd4 Ra4 39. f4 Kc6 40. g4 a2
41. g5 fxg5 42. fxg5 Kd6 43. e5+ Kc6 44. Ke4 Kxb6 45. Kd5 Kb5 46. Kd6 b6 47.
Ke7 Ra7+ 48. Kf6 Kb4 49. Kg7 Kb3 50. e6 fxe6+ 51. Kh6 Kb2 0-1

[Event "OLNN 1718 SK Marmstorf - Lübecker SV"]
[Site "?"]
[Date "2018.03.18"]
[Round "8.5"]
[White "Lampe, Dirk"]
[Black "Hohlbein, Michael"]
[Result "0-1"]
[WhiteElo "2203"]
[BlackElo "2077"]
[PlyCount "62"]
[EventDate "2018.??.??"]

1. e4 c5 2. Nf3 Nc6 3. d4 cxd4 4. Nxd4 g6 5. c4 Nf6 6. Nc3 Nxd4 7. Qxd4 d6 8.
Be2 Bg7 9. Be3 O-O 10. Qd2 a5 11. O-O a4 12. c5 a3 13. b3 dxc5 14. Qxd8 Rxd8
15. Bxc5 Be6 16. Rfd1 Rac8 17. Bb4 Nxe4 18. Rxd8+ Rxd8 19. Rd1 Rxd1+ 20. Nxd1
Bxb3 21. Bxa3 Bxa2 22. Bxe7 Nc3 23. Nxc3 Bxc3 24. Bb5 f6 25. Kf1 Kf7 26. Ba3
Ke6 27. f4 Kd5 28. Kf2 Bc4 29. Bd7 b5 30. f5 b4 31. Bc1 b3 0-1

[Event "OLNN 1718 SK Marmstorf - Lübecker SV"]
[Site "?"]
[Date "2018.03.18"]
[Round "8.6"]
[White "Diekmann, Jens"]
[Black "Svane, Frederik"]
[Result "1/2-1/2"]
[WhiteElo "2044"]
[BlackElo "2234"]
[PlyCount "47"]
[EventDate "2018.??.??"]

1. c4 b6 2. Nf3 c5 3. g3 Bb7 4. Bg2 Nf6 5. O-O e6 6. b3 Be7 7. Bb2 O-O 8. e3
Nc6 9. Nc3 Rc8 10. Ne2 d6 11. d4 cxd4 12. Nexd4 Qc7 13. Ba3 Nxd4 14. Nxd4 Bxg2
15. Kxg2 Ne4 16. Rc1 a6 17. Qe2 Rfd8 18. Rfd1 Nc5 19. Qf3 Bf8 20. Ne2 Nd7 21.
Bb2 Be7 22. Nf4 Bf6 23. Bxf6 Nxf6 24. Nh5 {(=)} 1/2-1/2

[Event "OLNN 1718 SK Marmstorf - Lübecker SV"]
[Site "?"]
[Date "2018.03.18"]
[Round "8.7"]
[White "Poghosyan, Tigran"]
[Black "Peschke, Matthias"]
[Result "1-0"]
[WhiteElo "2185"]
[BlackElo "1996"]
[PlyCount "77"]
[EventDate "2018.??.??"]

1. e4 Nf6 2. e5 Nd5 3. d4 d6 4. c4 Nb6 5. exd6 cxd6 6. Nc3 g6 7. Be3 Bg7 8. Rc1
O-O 9. Nf3 e5 10. dxe5 dxe5 11. Qxd8 Rxd8 12. c5 N6d7 13. Ne4 h6 14. Bc4 Nf8
15. Nd6 Ne6 16. Nh4 Bd7 17. Nxb7 Rf8 18. b4 a6 19. O-O Nc6 20. Rfd1 Ncd4 21.
Na5 Bb5 22. Bxd4 Nxd4 23. Nxg6 Rfe8 24. Nh4 Bf6 25. Nf3 Ne2+ 26. Bxe2 Bxe2 27.
Rd6 Kg7 28. a4 e4 29. Nd4 Bh5 30. Nf5+ Kg6 31. Ne3 Kh7 32. Nac4 Bg6 33. b5 axb5
34. axb5 Bb2 35. Rb1 Ba3 36. Rd5 f6 37. b6 Bf7 38. Rd7 Bxc5 39. b7 1-0

[Event "OLNN 1718 SK Marmstorf - Lübecker SV"]
[Site "?"]
[Date "2018.03.18"]
[Round "8.8"]
[White "Herlan, Klaus-Juergen"]
[Black "Hein, Andreas"]
[Result "1/2-1/2"]
[WhiteElo "1959"]
[BlackElo "2261"]
[PlyCount "72"]
[EventDate "2018.??.??"]

1. d4 Nf6 2. Nf3 d5 3. e3 c6 4. Bd3 Bg4 5. c4 Nbd7 6. Qb3 Qb6 7. c5 Qc7 8. Nbd2
e5 9. Nxe5 Nxe5 10. dxe5 Nd7 11. f4 Nxc5 12. Qc2 Nxd3+ 13. Qxd3 O-O-O 14. O-O
g6 15. Nb3 Bf5 16. Qe2 h5 17. Bd2 Re8 18. Rfc1 Rh7 19. Ba5 Qd7 20. Nd4 Kb8 21.
Rc3 Rc8 22. Rac1 f6 23. exf6 Rf7 24. Rb3 Rxf6 25. Bc3 Rf7 26. Nf3 Bg4 27. Be5+
Bd6 28. Bxd6+ Qxd6 29. h3 Bxf3 30. Qxf3 Re8 31. Rd3 Qf6 32. b4 Qb2 33. Qd1 Qxb4
34. Rxc6 Qe4 35. Rcc3 Rd8 36. Rd4 Qe6 1/2-1/2

[Event "OLNN 1718 Hamburger SK III - Preetzer T"]
[Site "?"]
[Date "2018.03.18"]
[Round "8.1"]
[White "Schwarz, Frank"]
[Black "Gaede, Derek"]
[Result "0-1"]
[WhiteElo "2253"]
[BlackElo "2314"]
[PlyCount "86"]
[EventDate "2018.??.??"]

1. c4 Nf6 2. g3 e5 3. Bg2 d5 4. cxd5 Nxd5 5. Nc3 Nb6 6. Nf3 Nc6 7. O-O Be7 8.
Rb1 a5 9. d3 O-O 10. Be3 Re8 11. Rc1 Bf8 12. a3 Nd4 13. Re1 a4 14. Nd2 c6 15.
Nce4 Nd5 16. Bxd4 exd4 17. Nf3 Qb6 18. Qc2 Bf5 19. Nc5 Ra5 20. Ne4 Bxe4 21.
dxe4 Nf6 22. e5 Ng4 23. e6 Rxe6 24. Bh3 h5 25. Qd2 Rd6 26. Rc4 Rb5 27. Rb1 d3
28. Bxg4 hxg4 29. Rxg4 dxe2 30. Qxe2 Re6 31. Qc2 Rc5 32. Qxa4 Re2 33. Qd4 Qb3
34. Kg2 Rd5 35. Qc3 Qa2 36. Re1 Rxb2 37. Re8 Rxf2+ 38. Kh3 Rh5+ 39. Rh4 Rxh4+
40. Kxh4 Qd5 41. Re3 Qf5 42. g4 Qf4 43. h3 Rxf3 0-1

[Event "OLNN 1718 Hamburger SK III - Preetzer T"]
[Site "?"]
[Date "2018.03.18"]
[Round "8.2"]
[White "Bente, Bjoern"]
[Black "Reinecker, Kai"]
[Result "1/2-1/2"]
[WhiteElo "2229"]
[BlackElo "2261"]
[PlyCount "65"]
[EventDate "2018.??.??"]

1. d4 Nf6 2. c4 e6 3. g3 d5 4. Bg2 Be7 5. Nf3 O-O 6. O-O c6 7. b3 Nbd7 8. Bb2
Ne4 9. Ne1 f5 10. Nd3 Bd6 11. Qc2 Qe7 12. a4 b6 13. f3 Nxg3 14. hxg3 Bxg3 15.
f4 Qh4 16. Rf3 Rf6 17. e3 Rg6 18. Nc3 Ba6 19. Ne2 Qh2+ 20. Kf1 Bh4 21. Nec1
dxc4 22. bxc4 Rg3 23. Rxg3 Qxg3 24. Ne2 Qh2 25. Ng1 Nf6 26. Ne5 Ng4 27. Qe2
Qxf4+ 28. Ngf3 Nxe3+ 29. Kg1 Nxg2 30. Qxg2 Qe3+ 31. Kh1 Bf6 32. Re1 Qh6+ 33.
Qh2 1/2-1/2

[Event "OLNN 1718 Hamburger SK III - Preetzer T"]
[Site "?"]
[Date "2018.03.18"]
[Round "8.4"]
[White "Hinrichs, Lars"]
[Black "Schwarzat, Julian"]
[Result "1-0"]
[WhiteElo "2202"]
[BlackElo "2105"]
[PlyCount "39"]
[EventDate "2018.??.??"]

1. e4 e6 2. d4 d5 3. Bd3 Nf6 4. e5 Nfd7 5. Nf3 c5 6. c3 Nc6 7. O-O Be7 8. Re1
Qb6 9. dxc5 Nxc5 10. Bc2 a5 11. Nbd2 f5 12. exf6 gxf6 13. Nh4 Ne5 14. Rxe5 fxe5
15. Qh5+ Kd7 16. Ndf3 Bd6 17. Nxe5+ Bxe5 18. Qxe5 Qd8 19. Bg5 Qf8 20. Bf6 1-0

[Event "OLNN 1718 Hamburger SK III - Preetzer T"]
[Site "?"]
[Date "2018.03.18"]
[Round "8.7"]
[White "Kornrumpf, Joachim"]
[Black "Schumacher, Norbert"]
[Result "0-1"]
[WhiteElo "2035"]
[BlackElo "2160"]
[PlyCount "82"]
[EventDate "2018.??.??"]

1. b3 e5 2. Bb2 Nc6 3. e3 g6 4. c4 Bg7 5. Nf3 Nge7 6. d3 O-O 7. Nbd2 d6 8. a3
a5 9. Qc2 f5 10. g3 h6 11. Bg2 Be6 12. O-O g5 13. d4 Bf7 14. d5 Nb8 15. b4 Nd7
16. Bc3 a4 17. Qb2 b6 18. Ne1 Bh5 19. f4 Ng6 20. Bf3 Bxf3 21. Nexf3 Qe7 22.
Rae1 g4 23. fxe5 dxe5 24. Nh4 Nxh4 25. gxh4 Rf7 26. Re2 Raf8 27. Rg2 Qxh4 28.
Qc2 Qg5 29. Re1 Ra8 30. Nf1 h5 31. h3 e4 32. hxg4 hxg4 33. Ng3 Ne5 34. Bxe5
Bxe5 35. Ne2 Qxe3+ 36. Kf1 Rh7 37. Ng1 Qf4+ 38. Rf2 Qg5 39. Rg2 g3 40. Rd1 Rh2
41. c5 Qf4+ 0-1

[Event "OLNN 1718 Hamburger SK III - Preetzer T"]
[Site "?"]
[Date "2018.03.18"]
[Round "8.8"]
[White "Pajeken, Jakob Leon"]
[Black "Dittmann, Hans-Adolf"]
[Result "1-0"]
[WhiteElo "2162"]
[BlackElo "2072"]
[PlyCount "65"]
[EventDate "2018.??.??"]

1. e4 c5 2. Nf3 d6 3. d4 cxd4 4. Nxd4 Nf6 5. Nc3 a6 6. Be2 e5 7. Nb3 Be6 8. f4
Qc7 9. g4 exf4 10. Bxf4 Nc6 11. g5 Nd7 12. Qd2 Be7 13. O-O-O Nce5 14. Nd4 g6
15. h4 Bc4 16. Bxc4 Qxc4 17. Kb1 O-O 18. Nd5 Rfe8 19. h5 Bd8 20. hxg6 fxg6 21.
Rdf1 Bb6 22. Bxe5 Rxe5 23. Nf3 Rxe4 24. Qh2 h5 25. Qxd6 Qc6 26. Ne7+ Rxe7 27.
Qxe7 Rc8 28. Ne1 Bc5 29. Qf7+ Kh8 30. Rxh5+ gxh5 31. Qxh5+ Kg8 32. Qf7+ Kh8 33.
g6 1-0

[Event "OLNN 1718 Hamburger SK III - Preetzer T"]
[Site "?"]
[Date "2018.03.18"]
[Round "8.6"]
[White "Bach, Matthias"]
[Black "Schuette, Andreas"]
[Result "1-0"]
[WhiteElo "2253"]
[BlackElo "2314"]
[PlyCount "95"]
[EventDate "2018.??.??"]

1. d4 d5 2. c4 e6 3. Nc3 c5 4. e3 Nf6 5. Nf3 a6 6. a3 dxc4 7. Bxc4 b5 8. Ba2
Bb7 9. O-O Nbd7 10. Qe2 Qc7 11. Rd1 Be7 12. e4 b4 13. axb4 cxb4 14. e5 bxc3 15.
exf6 Nxf6 16. bxc3 O-O 17. c4 Bd6 18. h3 Rfe8 19. Be3 a5 20. c5 Bf4 21. Bxf4
Qxf4 22. Qe5 Qh6 23. Qe3 Qh5 24. Ne5 Bd5 25. g4 Qh4 26. Qg3 Qxg3+ 27. fxg3 h6
28. Bxd5 Nxd5 29. Ra3 Nb4 30. Nc4 Nc6 31. Nb6 Rab8 32. Kf2 Red8 33. Ke3 Rb7 34.
Ra4 Kf8 35. Kd3 Rc7 36. Kc4 Rb8 37. Rb1 Rd8 38. Rd1 Rb8 39. Rd2 Rd8 40. Rd3 Rb8
41. Rd1 Rd8 42. Kb5 Rb8 43. d5 exd5 44. Rxd5 f6 45. Rd7 Rcc8 46. Rd6 Nd8 47.
Kc4 Kf7 48. Nxc8 1-0

[Event "OLNN 1718 Königsspringer HH - Johanneu"]
[Site "?"]
[Date "2018.03.18"]
[Round "8.8"]
[White "Lampe, Jörg"]
[Black "Keyser, Robin"]
[Result "0-1"]
[WhiteElo "2120"]
[BlackElo "2090"]
[PlyCount "72"]
[EventDate "2018.??.??"]
[WhiteTeam "Königsspringer HH"]
[BlackTeam "SK Johanneum Eppendorf"]

1. e4 g6 2. d4 Bg7 3. Nc3 d6 4. Be3 a6 5. a4 b6 6. g3 Bb7 7. Bg2 Nd7 8. Nge2
Ngf6 9. h3 O-O 10. g4 c5 11. Ng3 cxd4 12. Bxd4 e5 13. Be3 Nc5 14. O-O Ne6 15.
Qd2 Qc7 16. Rfd1 Rad8 17. Ra3 Rd7 18. g5 Ne8 19. Nd5 Bxd5 20. exd5 Nf4 21. Rb3
Qc8 22. Bxb6 Rb7 23. Kh2 h6 24. gxh6 Bxh6 25. Be3 Rxb3 26. cxb3 Nf6 27. Rc1 Qb7
28. Rc6 Rd8 29. b4 Kg7 30. a5 Rh8 31. Rxd6 Nxg2 32. Kxg2 Qc8 33. Bxh6+ Rxh6 34.
Qg5 Qxh3+ 35. Kg1 Ng4 36. Nf5+ Kh7 0-1

[Event "OLNN 1718 Königsspringer HH - Johanneu"]
[Site "?"]
[Date "2018.03.18"]
[Round "8.7"]
[White "Kussin, Bernd"]
[Black "Lock, Adrian"]
[Result "1/2-1/2"]
[WhiteElo "2119"]
[BlackElo "2075"]
[PlyCount "43"]
[EventDate "2018.??.??"]
[WhiteTeam "SK Johanneum Eppendorf"]
[BlackTeam "Königsspringer HH"]

1. d4 d5 2. Nf3 Nf6 3. c4 dxc4 4. e3 e6 5. Bxc4 c5 6. O-O a6 7. a4 Nc6 8. Qe2
cxd4 9. Rd1 Be7 10. exd4 O-O 11. Nc3 Nb4 12. Ne5 Bd7 13. d5 exd5 14. Nxd5 Nbxd5
15. Bxd5 Nxd5 16. Rxd5 Bg4 17. Qc4 Qxd5 18. Qxd5 Rad8 19. Qb3 Rd1+ 20. Qxd1
Bxd1 21. Bg5 Bxg5 22. Rxd1 {(=)} 1/2-1/2

[Event "OLNN 1718 Königsspringer HH - Johanneu"]
[Site "?"]
[Date "2018.03.18"]
[Round "8.6"]
[White "Borgmeyer, Max"]
[Black "Johannsen, Dennis"]
[Result "0-1"]
[WhiteElo "2206"]
[BlackElo "2123"]
[PlyCount "92"]
[EventDate "2018.??.??"]
[WhiteTeam "SC Königsspringer HH"]
[BlackTeam "SK Johanneum Eppendorf"]

1. e4 c6 2. d4 d5 3. exd5 cxd5 4. Bd3 Nc6 5. c3 Qc7 6. Ne2 Bg4 7. O-O e6 8. f3
Bh5 9. Bf4 Bd6 10. Bxd6 Qxd6 11. Ng3 Bg6 12. Qe2 Nge7 13. Nd2 h5 14. Rfe1 O-O-O
15. Bb5 h4 16. Ngf1 Rh5 17. Nb3 Bf5 18. Nc5 Qc7 19. b4 Ng6 20. Bxc6 Qxc6 21.
Ne3 Nf4 22. Qd2 Qc7 23. Rac1 Kb8 24. c4 dxc4 25. Rxc4 Qd6 26. Rec1 a6 27. Nxf5
Rxf5 28. Qc2 Nd5 29. Qb3 Nb6 30. Ne4 Qd5 31. R4c2 Qxd4+ 32. Nf2 Rfd5 33. h3 Qf4
34. Rc3 Rd2 35. Ne4 R2d5 36. a4 f5 37. Nc5 Rd2 38. Nxa6+ Ka7 39. a5 Nd5 40.
R3c2 Qd4+ 41. Kh1 bxa6 42. b5 axb5 43. a6 Rxc2 44. Qxc2 Qb6 45. Qb2 Rd7 46. Qe5
Qe3 0-1

[Event "OLNN 1718 Königsspringer HH - Johanneu"]
[Site "?"]
[Date "2018.03.18"]
[Round "8.5"]
[White "Wirtgen, Peter"]
[Black "Dettmann, Steffen"]
[Result "1/2-1/2"]
[WhiteElo "2035"]
[BlackElo "2217"]
[PlyCount "134"]
[EventDate "2018.??.??"]
[WhiteTeam "SK Johanneum Eppendorf"]
[BlackTeam "SC Königsspringer HH"]

1. d4 d5 2. c4 e6 3. Nc3 Be7 4. cxd5 exd5 5. Bf4 Nf6 6. e3 Bf5 7. Nge2 O-O 8.
Ng3 Bg6 9. Bd3 Re8 10. h4 Bd6 11. Bxd6 Qxd6 12. Bxg6 hxg6 13. Qf3 Ne4 14. Ngxe4
dxe4 15. Qe2 a6 16. Qc2 Nc6 17. a3 b5 18. b4 Re7 19. Rc1 Qd7 20. Nd5 Qxd5 21.
Qxc6 Qxc6 22. Rxc6 a5 23. O-O axb4 24. axb4 Ra2 25. Rfc1 Rb2 26. Rxc7 Rxc7 27.
Rxc7 Rxb4 28. g4 Rb1+ 29. Kg2 b4 30. Rc8+ Kh7 31. g5 b3 32. Rb8 b2 33. Kh2 f6
34. Kg2 f5 35. Kh2 f4 36. exf4 Rd1 37. Rxb2 Rxd4 38. Kg3 Rd3+ 39. Kg4 e3 40.
fxe3 Rxe3 41. Rf2 Re7 42. Rf3 Ra7 43. Rb3 Ra1 44. Rh3 Rg1+ 45. Rg3 Ra1 46. h5
gxh5+ 47. Kxh5 g6+ 48. Kg4 Ra7 49. Rb3 Kg7 50. Rb6 Ra3 51. Rb7+ Kg8 52. Rb4 Rc3
53. Re4 Kf7 54. Rb4 Ra3 55. f5 gxf5+ 56. Kxf5 Ra7 57. Rb6 Rc7 58. Rh6 Kg7 59.
Kg4 Ra7 60. Kh5 Rb7 61. Rc6 Ra7 62. Rc5 Rb7 63. g6 Ra7 64. Rf5 Rb7 65. Kg5 Ra7
66. Rf7+ Rxf7 67. gxf7 Kxf7 1/2-1/2

[Event "OLNN 1718 Königsspringer HH - Johanneu"]
[Site "?"]
[Date "2018.03.18"]
[Round "8.4"]
[White "Rosmann, Ilja"]
[Black "Schüler, Hendrik"]
[Result "0-1"]
[WhiteElo "2307"]
[BlackElo "2121"]
[PlyCount "72"]
[EventDate "2018.??.??"]
[WhiteTeam "SC Königsspringer HH"]
[BlackTeam "SK Johanneum Eppendorf"]

1. e4 e6 2. d4 d5 3. Nd2 Nf6 4. Bd3 c5 5. e5 Nfd7 6. c3 Nc6 7. Ndf3 cxd4 8.
cxd4 Qb6 9. Ne2 f6 10. exf6 Nxf6 11. O-O Bd6 12. b3 O-O 13. Bb2 Bd7 14. Ng3
Rae8 15. Ne5 Re7 16. Rc1 Nb4 17. Bb1 Bb5 18. Re1 Nc6 19. Re3 a5 20. a3 a4 21.
bxa4 Bxa4 22. Qd2 Bxe5 23. Rxe5 Nxe5 24. dxe5 Ne4 25. Bxe4 dxe4 26. Nxe4 Rd7
27. Nd6 Bc6 28. Bd4 Qb3 29. Rc3 Qb1+ 30. Rc1 Qg6 31. f4 h5 32. Rf1 Qg4 33. a4
h4 34. h3 Qg3 35. Rf2 Bxa4 36. Qe2 Qb3 0-1

[Event "OLNN 1718 Königsspringer HH - Johanneu"]
[Site "?"]
[Date "2018.03.18"]
[Round "8.3"]
[White "Wenzel, Birger"]
[Black "Zimmermann, Julian"]
[Result "0-1"]
[WhiteElo "2083"]
[BlackElo "2330"]
[PlyCount "62"]
[EventDate "2018.??.??"]
[WhiteTeam "SK Johanneum Eppendorf"]
[BlackTeam "SC Königsspringer HH"]

1. d4 Nf6 2. c4 e6 3. g3 c5 4. Nf3 b6 5. Bg2 Bb7 6. d5 exd5 7. Nh4 Na6 8. Nc3
Nc7 9. O-O g6 10. cxd5 d6 11. e4 Bg7 12. f4 O-O 13. a4 a6 14. Re1 b5 15. axb5
Nxb5 16. Be3 Re8 17. Bf2 Rb8 18. Nxb5 axb5 19. b4 cxb4 20. Ra7 Nd7 21. Nf3 Bc3
22. Re2 Nf6 23. e5 dxe5 24. Rxb7 Rxb7 25. Nxe5 Ree7 26. Bc5 Re6 27. Qb3 Ra6 28.
d6 Ra1+ 29. Kf2 Bxe5 30. fxe5 Ng4+ 31. Kf3 Nxe5+ 0-1

[Event "OLNN 1718 Königsspringer HH - Johanneu"]
[Site "?"]
[Date "2018.03.18"]
[Round "8.2"]
[White "Lamprecht, Frank"]
[Black "Schroeder, Christoph"]
[Result "1-0"]
[WhiteElo "2383"]
[BlackElo "2226"]
[PlyCount "157"]
[EventDate "2018.??.??"]
[WhiteTeam "SC Königsspringer HH"]
[BlackTeam "SK Johanneum Eppendorf"]

1. d4 d5 2. Nf3 e6 3. e3 f5 4. Bd3 Nf6 5. O-O Bd6 6. b3 O-O 7. c4 c6 8. Ba3 b6
9. Qc1 Bb7 10. cxd5 cxd5 11. Bxd6 Qxd6 12. Qa3 Qxa3 13. Nxa3 Nbd7 14. Rfc1 Rfc8
15. Ng5 Nf8 16. Nb5 Ne8 17. Kf1 Rxc1+ 18. Rxc1 a6 19. Na3 Rc8 20. Rxc8 Bxc8 21.
Nb1 Nc7 22. Nc3 Bd7 23. Ke2 Bc6 24. b4 Bb5 25. Bxb5 axb5 26. Nf3 Nd7 27. Ne5
Nxe5 28. dxe5 Kf7 29. Kf3 Ke7 30. Ne2 Kf7 31. Nd4 Ke7 32. Kg3 Kf7 33. Kh4 g6
34. a3 h6 35. Nc6 Ke8 36. h3 Kd7 37. Nd4 Ke7 38. Kg3 Kd7 39. Kf3 Ke7 40. Ke2
Kd7 41. Kd3 Ke7 42. Ne2 Kf7 43. Nf4 Na6 44. Kc3 Nb8 45. Ne2 Nc6 46. f4 Ke7 47.
Kd3 Kd7 48. Nc3 Na7 49. Ke2 Ke7 50. Kd3 Kd7 51. Ne2 Nc6 52. Ng1 Ke7 53. Nf3 Kf7
54. Kc3 Ke8 55. Kb3 Ke7 56. Kc3 Kf7 57. Nd2 Ke7 58. Kd3 Kd7 59. Nb1 Kc7 60. Nc3
Na7 61. Ke2 Kd7 62. Kf3 Ke7 63. g4 Kf7 64. Kg3 Kg7 65. h4 Kf7 66. h5 Kg7 67.
Kf3 Kf7 68. hxg6+ Kxg6 69. gxf5+ Kxf5 70. e4+ dxe4+ 71. Nxe4 Nc8 72. Nd6+ Nxd6
73. exd6 Kf6 74. Kg4 Kf7 75. Kh5 Ke8 76. Kxh6 Kd7 77. Kg6 Kxd6 78. Kf6 Kd7 79.
Kf7 1-0

[Event "OLNN 1718 Königsspringer HH - Johanneu"]
[Site "?"]
[Date "2018.03.18"]
[Round "8.1"]
[White "Zart, Rüdiger"]
[Black "Pfreundt, Jakob"]
[Result "0-1"]
[WhiteElo "2211"]
[BlackElo "2394"]
[PlyCount "186"]
[EventDate "2018.??.??"]
[WhiteTeam "SK Johanneum Eppendorf"]
[BlackTeam "SC Königsspringer HH"]

1. e4 e5 2. Nf3 Nc6 3. Bb5 g6 4. d4 exd4 5. Bg5 Be7 6. Bxe7 Qxe7 7. O-O Nf6 8.
e5 Nd5 9. Bxc6 dxc6 10. Qxd4 O-O 11. Nbd2 Rd8 12. c4 Nb4 13. Qe3 Bf5 14. Qh6 f6
15. Qh4 Kg7 16. Rfe1 Re8 17. Qg3 fxe5 18. Rxe5 Qd6 19. c5 Qd7 20. Nc4 Rxe5 21.
Qxe5+ Kg8 22. Qc3 Nd5 23. Qd2 Nf6 24. Qxd7 Nxd7 25. b4 Be6 26. Ne3 a5 27. Nd4
Bf7 28. b5 cxb5 29. Nxb5 Nxc5 30. Nxc7 Rd8 31. a3 Rd7 32. Nb5 Bb3 33. h4 Kg7
34. Rc1 b6 35. g4 Ba4 36. Nc3 Bc6 37. Rb1 Rb7 38. Nc4 Bf3 39. g5 Nd7 40. Nb5
Rb8 41. Re1 Kf8 42. Ncd6 Nc5 43. Kh2 Rd8 44. Re3 Bc6 45. Kg3 Nb7 46. Nxb7 Bxb7
47. Nc7 Kf7 48. f3 Rc8 49. Nb5 Rd8 50. Nc7 Rc8 51. Nb5 Rc6 52. Rd3 Ba6 53. Rb3
Ke7 54. Nd4 Rd6 55. Re3+ Kd7 56. Re4 Bd3 57. Rf4 Ke7 58. Kf2 b5 59. Ke3 Bc4 60.
Re4+ Kd7 61. Re5 Rb6 62. Rc5 Kd6 63. Rc8 Bf7 64. Rd8+ Ke7 65. Ra8 b4 66. Ra7+
Kf8 67. Ra8+ Kg7 68. Rxa5 b3 69. Rb5 Rxb5 70. Nxb5 b2 71. Nc3 Ba2 72. a4 b1=Q
73. Nxb1 Bxb1 74. a5 Bf5 75. Kd4 Bc8 76. Ke5 Kf7 77. Kd6 Ba6 78. Kd7 Be2 79. f4
Bc4 80. Kd6 Ke8 81. Kc5 Bd3 82. Kd6 Ba6 83. Ke6 Bc8+ 84. Kd6 Kd8 85. f5 Bxf5
86. a6 Kc8 87. Ke7 Bg4 88. Kd6 Kb8 89. Ke5 Ka7 90. Kf6 Bh5 91. Kg7 Kxa6 92.
Kxh7 Kb6 93. Kg7 Kc5 0-1

[Event "OLNN 1718 Lübecker SV - Schachfreunde "]
[Site "?"]
[Date "2018.04.15"]
[Round "9.1"]
[White "Sawatzki, Frank"]
[Black "Riess, Alexander"]
[Result "0-1"]
[WhiteElo "2392"]
[BlackElo "2314"]
[PlyCount "65"]
[EventDate "2018.??.??"]

1. e4 e5 2. Nf3 Nc6 3. Bc4 Bc5 4. d3 Nf6 5. Nc3 h6 6. Be3 Bxe3 7. fxe3 d6 8. a3
O-O 9. O-O Be6 10. Bxe6 fxe6 11. d4 exd4 12. exd4 e5 13. dxe5 Nxe5 14. Qd4 c5
15. Qd2 Qe7 16. Nd5 Nxf3+ 17. Rxf3 Nxd5 18. Qxd5+ Kh8 19. Raf1 Rxf3 20. Rxf3
Rf8 21. Rxf8+ Qxf8 22. Qxb7 Qf4 23. Qd5 Qc1+ 24. Kf2 Qxc2+ 25. Kf3 Qxb2 26.
Qxd6 Qxa3+ 27. Kg4 Qe3 28. e5 Qe4+ 29. Kg3 c4 30. Qc5 a5 31. Qxa5 Qe3+ 32. Kg4
c3 33. Kf5 0-1

[Event "OLNN 1718 Lübecker SV - Schachfreunde "]
[Site "?"]
[Date "2018.04.15"]
[Round "9.2"]
[White "Kololli, Martin"]
[Black "Hermesmann, Hans"]
[Result "1-0"]
[WhiteElo "2316"]
[BlackElo "2242"]
[PlyCount "79"]
[EventDate "2018.??.??"]

1. e4 c5 2. c3 b6 3. d4 Bb7 4. f3 e6 5. Bd3 Nf6 6. Ne2 Be7 7. O-O Nc6 8. a3 Qc8
9. Re1 cxd4 10. cxd4 Ba6 11. Nbc3 Bxd3 12. Qxd3 O-O 13. Bg5 Qd8 14. Bxf6 Bxf6
15. d5 Ne5 16. Qb5 a6 17. Qb3 b5 18. Rad1 Bh4 19. Ng3 Qb6+ 20. Kh1 Bxg3 21.
hxg3 Nc4 22. Kh2 f5 23. e5 f4 24. g4 Rae8 25. a4 exd5 26. Nxd5 Qc5 27. axb5 Re6
28. g5 Rf5 29. g4 fxg3+ 30. Kxg3 Rxg5+ 31. Kf4 h6 32. bxa6 Qf8+ 33. Nf6+ gxf6
34. Qxc4 fxe5+ 35. Ke3 e4 36. Rxd7 Qxf3+ 37. Kd2 Rg2+ 38. Kc1 Qf4+ 39. Kb1 Qf5
40. Qc8+ 1-0

[Event "OLNN 1718 Lübecker SV - Schachfreunde "]
[Site "?"]
[Date "2018.04.15"]
[Round "9.3"]
[White "Ritscher, Jan-Paul"]
[Black "Schmidt, Harald"]
[Result "0-1"]
[WhiteElo "2209"]
[BlackElo "2356"]
[PlyCount "80"]
[EventDate "2018.??.??"]

1. e4 c6 2. Nf3 d5 3. exd5 cxd5 4. Ne5 Nf6 5. d4 g6 6. c3 Bg7 7. Bd3 Nc6 8. f4
Be6 9. Be3 Qc8 10. Nd2 O-O 11. O-O Bf5 12. Qe2 Ne4 13. Nxc6 Qxc6 14. Nxe4 Bxe4
15. Bxe4 dxe4 16. f5 gxf5 17. Rxf5 e6 18. Rc5 Qd7 19. Bf4 b6 20. Rc7 Qd5 21.
Qg4 Kh8 22. Rf1 Rac8 23. Rxa7 b5 24. Be3 b4 25. Rfxf7 Rxf7 26. Rxf7 Rg8 27. Ra7
bxc3 28. bxc3 Qc6 29. h3 e5 30. Qd7 Qg6 31. Qf7 Bh6 32. Qxg6 Bxe3+ 33. Kf1 Rxg6
34. Re7 Bf4 35. dxe5 Rb6 36. Rf7 Rb1+ 37. Ke2 Rb2+ 38. Kf1 Rb1+ 39. Ke2 Rb2+
40. Kf1 Bg3 0-1

[Event "OLNN 1718 Lübecker SV - Schachfreunde "]
[Site "?"]
[Date "2018.04.15"]
[Round "9.4"]
[White "Christ, Ralf"]
[Black "Kluenger, Marc"]
[Result "1/2-1/2"]
[WhiteElo "2271"]
[BlackElo "2194"]
[PlyCount "146"]
[EventDate "2018.??.??"]

1. Nf3 d5 2. d4 Nf6 3. c4 dxc4 4. e3 Bg4 5. Bxc4 e6 6. Qb3 Bxf3 7. gxf3 Nbd7 8.
Nc3 Nb6 9. Be2 Be7 10. Bd2 O-O 11. Rd1 c5 12. dxc5 Nbd7 13. Na4 Nxc5 14. Nxc5
Bxc5 15. Bc3 Qe7 16. Bc4 a6 17. a4 b5 18. axb5 axb5 19. Be2 Rab8 20. O-O Nd5
21. Bd4 Rfc8 22. f4 Bxd4 23. Rxd4 Qf6 24. Bf3 Qg6+ 25. Kh1 Qc2 26. Bxd5 exd5
27. Qxd5 Qxb2 28. f5 Qc3 29. Rfd1 h6 30. Qg2 Rb6 31. Rg1 Qc6 32. Rg4 Qxg2+ 33.
R4xg2 Rc2 34. Rxg7+ Kf8 35. Rg8+ Ke7 36. Kg2 b4 37. Kf3 b3 38. Rb1 b2 39. Rgg1
Kf6 40. Rge1 Rb5 41. e4 Ke5 42. Kg3 Rb3+ 43. f3 Rbc3 44. Red1 Rc5 45. Rd7 Rb5
46. Rdd1 Rb3 47. Rd5+ Kf6 48. Rd6+ Ke7 49. Rdd1 f6 50. h3 Ke8 51. Rf1 Ke7 52.
Rfd1 Re2 53. Rf1 h5 54. h4 Rc2 55. Rfd1 Rb8 56. Kf4 Rb3 57. Kg3 Re2 58. Rf1 Rb8
59. Kf4 Rg8 60. Rfd1 Rgg2 61. Rd3 Rh2 62. Rb3 Rxh4+ 63. Kg3 Rhh2 64. Rd1 h4+
65. Kg4 Reg2+ 66. Kf4 Rd2 67. Rxd2 Rxd2 68. Kg4 Rh2 69. Rb6 Kd7 70. f4 Re2 71.
Kxh4 Rxe4 72. Rxb2 Rxf4+ 73. Kg3 Rxf5 1/2-1/2